00641nam a2200205 4500003001100000005001700011008004100028020001500069040003900084041000800123082001300131100001900144245003400163260004500197490003400242650005000276942000700326952008700333999001500420LK-CoMWRAF20231115112236.0230901b1999 |||||||| |||| 00| 0 eng d a0152048316 aLK-CoMWRAFdLK-CoMWRAFeLK-CoMWRAF aeng a823bDAN aDaniel, Claire aThe Chick that wouldn't hatch aSan Diego, CA : bHarcourt Brace, c1999 aGreen light readers : Level 2 aChlid story - Early learning beginner readers cBK 00104070aMAINbMAINd2023-09-01l0o823 DANpRAF314r2023-09-01w2023-09-01yBK c3348d3348